Statistics for Biggest Cities In The Americas

Click here to take the quiz!

General Stats

  • This quiz has been taken 85 times
  • The average score is 34 of 51

Answer Stats

RankPopulationAnswer% Correct
417,700,000Los Angeles
100%
122,600,000Mexico City
97%
222,200,000New York City
97%
612,800,000Rio de Janeiro
96%
89,750,000Chicago
94%
516,100,000Buenos Aires
90%
166,900,000Dallas
90%
176,500,000Houston
90%
254,275,000Seattle
90%
322,100,000Sao Paulo
89%
99,650,000Bogota
87%
127,600,000Boston
87%
186,250,000Miami
87%
117,800,000San Francisco
87%
710,300,000Lima
85%
147,300,000Toronto
85%
108,500,000Washington D.C
85%
383,275,000San Diego
83%
333,750,000Caracas
82%
195,700,000Atlanta
80%
157,050,000Santiago
80%
293,975,000Brasilia
77%
205,700,000Detroit
77%
264,200,000Montreal
77%
492,725,000Vancouver
76%
137,350,000Philadelphia
75%
244,500,000Phoenix
72%
363,650,000Denver
65%
502,625,000Quito
65%
393,275,000Orlando
63%
303,900,000Medellin
62%
215,150,000Guadalajara
61%
413,100,000Guatemala City
59%
225,000,000Belo Horizonte
56%
313,825,000Santo Domingo
54%
423,100,000Minneapolis
52%
234,825,000Monterrey
51%
453,050,000Cleveland
48%
473,000,000Cali
46%
274,200,000Tampa
46%
463,050,000Port au Prince
44%
343,675,000Salvador
41%
433,075,000Guayaquil
38%
323,800,000Recife
38%
353,650,000Fortaleza
35%
284,100,000Porto Alegre
35%
373,350,000Curitiba
28%
443,075,000Puebla
28%
482,750,000Cincinnati
27%
512,575,000Maracaibo
21%
403,125,000Campinas
11%

Score Distribution

Percentile by Number Answered

Percent of People with Each Score

Your Score History

You have not taken this quiz